000 00571nam a22001817a 4500
999 _c164313
_d164313
005 20190516105113.0
010 _aENG-125188
020 _a9788123417806
_c70.00
035 _aEN-108720
037 _bDBAD/PUB
082 _a658.45
245 _aCorporate communication/
_ced. by C.Bagavathi Sundaram
260 _aChennai
_bNew Century Book House
_c2011
270 _a41-B, Sidco Industrial Estate
_bAmbattur, Chennai
_e600098
_k26258410, 26251968
300 _a128p.
_c21cm(pbk)
700 _aSundaram, Bagavathi C.
942 _2ddc
_cEN
_h658.45
_mCOR